000 00446nam a2200157Ia 4500
008 100122s9999 xx 000 0 und d
082 _b34104
_a823.08
100 _aकर्णिक मधु मंगेश
245 _aलामणदिवा
250 _a1
260 _bउदयदीप प्रकाशन
_c1905
300 _a196
630 _aलामणदिवा
730 _aलामणदिवा
942 _cBOOK
999 _c417977
_d417974